Материалы по исследованию Русского Сахалина. Геоморфологический очерк Русского Сахалина
| Hlavní autor: | |
|---|---|
| Korporativní autor: | |
| Další autoři: | |
| Jazyk: | ruština angličtina |
| Vydáno: |
Петроград, Типография М. М. Стасюлевича, 1915
|
| Edice: | Труды Геологического Комитета Новая серия Вып. 120 |
| Témata: | |
| Médium: | MixedMaterials Kniha |
| KOHA link: | https://koha.lib.tpu.ru/cgi-bin/koha/opac-detail.pl?biblionumber=328926 |
MARC
| LEADER | 00000nam0a2200000 4500 | ||
|---|---|---|---|
| 001 | 328926 | ||
| 005 | 20231102004118.0 | ||
| 035 | |a (RuTPU)RU\TPU\book\354666 | ||
| 035 | |a RU\TPU\book\354656 | ||
| 090 | |a 328926 | ||
| 100 | |a 20170301d1915 k y0rusy50 ca | ||
| 101 | 0 | |a rus |a eng | |
| 102 | |a RU | ||
| 105 | |a a z 001zy | ||
| 200 | 1 | |a Материалы по исследованию Русского Сахалина. Геоморфологический очерк Русского Сахалина |f Н. Тихонович, П. Полевой |g Геологический комитет (ГЕОЛКОМ) | |
| 210 | |a Петроград |c Типография М. М. Стасюлевича |d 1915 | ||
| 215 | |a 77 с. |c ил. |e 11 табл., 3 карты | ||
| 225 | 1 | |a Труды Геологического Комитета | |
| 225 | 1 | |a Новая серия |v Вып. 120 | |
| 320 | |a Указатель географических названий: с. 75-77 | ||
| 606 | 1 | |a Геоморфология региональная |y Сибирь и Дальний Восток |2 stltpush |3 (RuTPU)RU\TPU\subj\69441 |9 84292 | |
| 610 | 1 | |a Сахалин | |
| 610 | 1 | |a географическое положение | |
| 610 | 1 | |a береговая линия | |
| 610 | 1 | |a геология | |
| 610 | 1 | |a горные цепи | |
| 610 | 1 | |a низменности | |
| 610 | 1 | |a геологическое строение | |
| 610 | 1 | |a тектоника | |
| 610 | 1 | |a библиотека М. А. Усова | |
| 675 | |a 551.4(571) |v 4 | ||
| 700 | 1 | |a Тихонович |b Н. | |
| 701 | 1 | |a Полевой |b П. | |
| 712 | 0 | 1 | |a Российская империя |b Геологический комитет (ГЕОЛКОМ) |c (1882-1917) |2 stltpush |3 (RuTPU)RU\TPU\col\22317 |
| 801 | 1 | |a RU |b 63413507 |c 20170301 | |
| 801 | 2 | |a RU |b 63413507 |c 20170321 |g RCR | |
| 942 | |c BK | ||